00653nam a2200229 a 4500001001300000003000900013005001700022008004100039020000800080082001900088100002000107245004200127260003600169300001000205500003500215505001100250650001200261902000800273942000700281952011800288999001700406nice12345678IN_TiNIC20260116015404.0141125s2014 kola grp 000 0 eng  ac000a338.4791bDME1 aD`Mello, Caesar aDeconstructing Tourismb Who Benefits aKolkata, India bSCEPTRE c2014 a337p  aincludes index and biblioraphy2 abiblio aTourism bSRS cBK 001040708StackRoom-aHMIbHMId2005-01-01g0.00l0o338.4791 DME1p11002843r2005-01-01v0.00w2014-11-25yBK c19501d19501